[Event "SN-2011-0-00409"]
[Site "LSS email"]
[Date "2011.12.30"]
[Round "?"]
[White "Yangibayev, Rustam"]
[Black "Rellias, Paul V"]
[Result "1-0"]
[WhiteElo "882"]
[BlackElo "360"]
[PlyCount "33"]
[EventDate "2011.12.11"]
[EventType "tourn (corr)"]
[EventRounds "6"]
[EventCountry "GER"]
[SourceTitle "Corr 2015"]
[Source "ChessBase"]
[SourceDate "2015.07.17"]
[SourceVersion "1"]
[SourceVersionDate "2015.07.17"]
[SourceQuality "1"]

1. d4 d5 2. Nf3 e6 3. Bf4 Nc6 4. e3 Nf6 5. Nc3 Ng4 6. Bb5 Bb4 7. 0-0 0-0 8. a3 Bxc3 9. bxc3 a6 10. Ba4 b5 11. Bb3 Qf6 12. h3 Nxe3 13. Bxe3 Na5 14. Qd3 c6 15. Ne5 c5 16. Ng4 Qh4 17. dxc5 1-0

[Event "SN-2011-0-00409"]
[Site "LSS email"]
[Date "2011.12.29"]
[Round "?"]
[White "Secondi, Alberto"]
[Black "Rellias, Paul V"]
[Result "1-0"]
[WhiteElo "686"]
[BlackElo "360"]
[PlyCount "29"]
[EventDate "2011.12.11"]
[EventType "tourn (corr)"]
[EventRounds "6"]
[EventCountry "GER"]
[SourceTitle "Corr 2015"]
[Source "ChessBase"]
[SourceDate "2015.07.17"]
[SourceVersion "1"]
[SourceVersionDate "2015.07.17"]
[SourceQuality "1"]

1. d4 d5 2. c4 e6 3. c5 b6 4. cxb6 axb6 5. Nf3 Nf6 6. e3 Nc6 7. Bb5 Bd7 8. 0-0 Bd6 9. Nc3 Ng4 10. h3 0-0 11. hxg4 Bb4 12. a3 Bxc3 13. bxc3 Ra5 14. a4 Ra8 15. Ba3 1-0

[Event "SN-2011-0-00384"]
[Site "LSS email"]
[Date "2011.10.01"]
[Round "?"]
[White "Lombardi, Donato"]
[Black "Rellias, Paul V"]
[Result "1-0"]
[WhiteElo "900"]
[BlackElo "379"]
[PlyCount "49"]
[EventDate "2011.09.12"]
[EventType "tourn (corr)"]
[EventRounds "6"]
[EventCountry "GER"]
[SourceTitle "Telechess CBM 149"]
[Source "ChessBase"]
[SourceDate "2012.07.17"]
[SourceVersion "1"]
[SourceVersionDate "2012.07.17"]
[SourceQuality "1"]

1. e4 e5 2. Nf3 d6 3. d4 Nc6 4. dxe5 Nf6 5. exf6 Qxf6 6. Nc3 Bg4 7. Be2 Nb4 8. 0-0 Be7 9. Bg5 Qxg5 10. Nxg5 Bxe2 11. Qxe2 Bxg5 12. a3 0-0 13. axb4 b6 14. Qg4 Rae8 15. Qxg5 c5 16. bxc5 dxc5 17. Nd5 Rxe4 18. Ne7+ Kh8 19. Rxa7 h6 20. Qf5 Re8 21. Qxe4 Rd8 22. Qf4 b5 23. Qxf7 Rd2 24. Ng6+ Kh7 25. Qxg7# 1-0

[Event "SN-2011-0-00379"]
[Site "LSS email"]
[Date "2011.09.08"]
[Round "?"]
[White "Gasic, Radovan"]
[Black "Rellias, Paul V"]
[Result "1-0"]
[WhiteElo "1147"]
[BlackElo "360"]
[PlyCount "53"]
[EventDate "2011.08.24"]
[EventType "tourn (corr)"]
[EventRounds "6"]
[EventCountry "GER"]
[SourceTitle "Telechess CBM 157"]
[Source "ChessBase"]
[SourceDate "2013.11.12"]
[SourceVersion "1"]
[SourceVersionDate "2013.11.12"]
[SourceQuality "1"]

1. e4 e5 2. Nf3 d6 3. d4 Nc6 4. dxe5 dxe5 5. Qxd8+ Nxd8 6. Nxe5 Be6 7. Nc3 f6 8. Nf3 Nh6 9. Nb5 Bb4+ 10. c3 Bc5 11. Nxc7+ Kf7 12. Nxa8 Nc6 13. Nc7 Rc8 14. Nxe6 Kxe6 15. Bxh6 gxh6 16. Bc4+ Kd7 17. 0-0 Kc7 18. Rad1 Kb8 19. Be6 Re8 20. Bf5 Ne7 21. Rfe1 Rg8 22. b4 h5 23. bxc5 Kc7 24. Rd7+ Kb8 25. Rxe7 h6 26. Rb1 a6 27. Rbxb7+ 1-0

[Event "SN-2011-0-00379"]
[Site "LSS email"]
[Date "2011.09.08"]
[Round "?"]
[White "Rellias, Paul V"]
[Black "Trebichalsky, Rastislav"]
[Result "0-1"]
[WhiteElo "360"]
[BlackElo "657"]
[PlyCount "36"]
[EventDate "2011.08.24"]
[EventType "tourn (corr)"]
[EventRounds "6"]
[EventCountry "GER"]
[SourceTitle "Telechess CBM 155"]
[Source "ChessBase"]
[SourceDate "2013.07.16"]
[SourceVersion "1"]
[SourceVersionDate "2013.07.16"]
[SourceQuality "1"]

1. e4 e5 2. Nf3 d6 3. d3 h6 4. Nc3 Nf6 5. Be3 Nc6 6. Na4 Be6 7. Nh4 Be7 8. Be2 d5 9. b3 dxe4 10. a3 exd3 11. cxd3 Nd5 12. Bc5 Bxh4 13. 0-0 Qg5 14. Be3 Qg6 15. g3 Nxe3 16. fxe3 Bxg3 17. hxg3 Bd5 18. Nc5 Qxg3# 0-1

[Event "RN-2011-0-00403"]
[Site "LSS email"]
[Date "2011.09.02"]
[Round "?"]
[White "Rellias, Paul V"]
[Black "Smith, Harry E"]
[Result "0-1"]
[WhiteElo "383"]
[BlackElo "632"]
[PlyCount "40"]
[EventDate "2011.08.16"]
[EventType "tourn (corr)"]
[EventRounds "6"]
[EventCountry "GER"]
[SourceTitle "Telechess CBM 149"]
[Source "ChessBase"]
[SourceDate "2012.07.17"]
[SourceVersion "1"]
[SourceVersionDate "2012.07.17"]
[SourceQuality "1"]

1. e4 e6 2. Nc3 Bb4 3. Bb5 a6 4. Ba4 b5 5. a3 Bxc3 6. bxc3 bxa4 7. Nf3 Ne7 8. d4 d5 9. exd5 Qxd5 10. 0-0 0-0 11. Qd3 Bb7 12. Bg5 Ng6 13. Rab1 Nd7 14. c4 Qe4 15. Qxe4 Bxe4 16. Ne1 c6 17. Rb4 c5 18. Rxa4 cxd4 19. Ra5 Rfc8 20. Bd2 Rxc4 0-1

[Event "RN-2011-0-00403"]
[Site "LSS email"]
[Date "2011.09.01"]
[Round "?"]
[White "Holmquist, Marson C"]
[Black "Rellias, Paul V"]
[Result "1-0"]
[WhiteElo "595"]
[BlackElo "383"]
[PlyCount "39"]
[EventDate "2011.08.16"]
[EventType "tourn (corr)"]
[EventRounds "6"]
[EventCountry "GER"]
[SourceTitle "Telechess CBM 149"]
[Source "ChessBase"]
[SourceDate "2012.07.17"]
[SourceVersion "1"]
[SourceVersionDate "2012.07.17"]
[SourceQuality "1"]

1. e4 e5 2. Nf3 Nc6 3. Bb5 Nb4 4. a3 a6 5. axb4 axb5 6. Nxe5 Bxb4 7. Qf3 Qe7 8. Ng4 d6 9. 0-0 Nf6 10. Rxa8 Nxg4 11. Rxc8+ Qd8 12. Rxd8+ Kxd8 13. Qxg4 Rg8 14. e5 Bc5 15. exd6 cxd6 16. d4 Bb6 17. Nc3 b4 18. Nb5 Re8 19. Nxd6 Ba5 20. Nxb7+ 1-0

[Event "SN-2011-0-00352"]
[Site "LSS email"]
[Date "2011.06.18"]
[Round "?"]
[White "Hogan, Bernardo"]
[Black "Rellias, Paul V"]
[Result "1-0"]
[WhiteElo "1087"]
[BlackElo "383"]
[PlyCount "51"]
[EventDate "2011.06.06"]
[EventType "tourn (corr)"]
[EventRounds "6"]
[EventCountry "GER"]
[SourceTitle "Telechess CBM 149"]
[Source "ChessBase"]
[SourceDate "2012.07.17"]
[SourceVersion "1"]
[SourceVersionDate "2012.07.17"]
[SourceQuality "1"]

1. d4 d5 2. c4 e6 3. Nf3 Bb4+ 4. Nc3 Nc6 5. a3 Ba5 6. b4 Bb6 7. c5 Nce7 8. Bf4 Nf5 9. cxb6 cxb6 10. e3 Nge7 11. Bd3 Nc6 12. Bxf5 0-0 13. Bd3 a6 14. Qc2 Bd7 15. Bxh7+ Kh8 16. Bd3 Qf6 17. h4 a5 18. b5 Na7 19. Ne5 Rac8 20. Nxd7 Qe7 21. Nxb6 Rcd8 22. h5 Qf6 23. Be5 Qg5 24. h6 Qxg2 25. Bxg7+ Kg8 26. Bh7# 1-0

[Event "ZN-2011-0-01573"]
[Site "LSS email"]
[Date "2011.06.18"]
[Round "?"]
[White "Newton, Daryl"]
[Black "Rellias, Paul V"]
[Result "1-0"]
[WhiteElo "509"]
[BlackElo "389"]
[PlyCount "51"]
[EventDate "2011.06.14"]
[EventType "match (corr)"]
[EventRounds "2"]
[EventCountry "GER"]
[SourceTitle "Telechess CBM 151"]
[Source "ChessBase"]
[SourceDate "2012.11.13"]
[SourceVersion "1"]
[SourceVersionDate "2012.11.13"]
[SourceQuality "1"]

1. e3 e6 2. d4 Nf6 3. c4 d5 4. Bd3 Bb4+ 5. Bd2 Nc6 6. a3 Ba5 7. b4 Bb6 8. c5 Bxc5 9. bxc5 b6 10. Bb5 a6 11. Bxc6+ Bd7 12. Bxa8 Qxa8 13. Qf3 Qb8 14. Qg3 0-0 15. e4 Nxe4 16. Qd3 Bb5 17. Qf3 bxc5 18. Be3 cxd4 19. Bxd4 Qd8 20. Qg4 Qg5 21. Qf3 Bc4 22. Be3 c6 23. Bxg5 c5 24. Qg4 f6 25. Bh6 Kf7 26. Qxg7+ 1-0

[Event "ZN-2011-0-01573"]
[Site "LSS email"]
[Date "2011.06.18"]
[Round "?"]
[White "Rellias, Paul V"]
[Black "Newton, Daryl"]
[Result "0-1"]
[WhiteElo "389"]
[BlackElo "509"]
[PlyCount "60"]
[EventDate "2011.06.14"]
[EventType "match (corr)"]
[EventRounds "2"]
[EventCountry "GER"]
[SourceTitle "Telechess CBM 151"]
[Source "ChessBase"]
[SourceDate "2012.11.13"]
[SourceVersion "1"]
[SourceVersionDate "2012.11.13"]
[SourceQuality "1"]

1. e4 e5 2. Nf3 Nf6 3. d3 c6 4. Bg5 Be7 5. Nc3 a5 6. Be2 h6 7. Bh4 g5 8. Nxg5 hxg5 9. Bxg5 Rg8 10. Na4 Rxg5 11. Nb6 Qxb6 12. 0-0 Qxb2 13. c3 Qxc3 14. Qc1 Qd4 15. Qb2 Qxb2 16. Bf3 Qd2 17. Rfd1 Qf4 18. Rab1 Qxf3 19. Kf1 Qxg2+ 20. Ke2 d5 21. Rg1 Bg4+ 22. Ke3 Qf3+ 23. Kd2 Qxf2+ 24. Kc3 Qd4+ 25. Kc2 dxe4 26. h3 Qxd3+ 27. Kb2 Qxh3 28. Rgc1 Be6 29. Re1 Ba3+ 30. Kc2 Qd3# 0-1

[Event "LSS RN-2010-0-00320"]
[Site "LSS email"]
[Date "2010.09.26"]
[Round "?"]
[White "Simmons, Ernest"]
[Black "Rellias, Paul V"]
[Result "1-0"]
[WhiteElo "751"]
[BlackElo "413"]
[PlyCount "23"]
[EventDate "2010.09.17"]
[EventType "tourn (corr)"]
[EventRounds "6"]
[EventCountry "GER"]
[SourceTitle "Corr 2015"]
[Source "ChessBase"]
[SourceDate "2015.07.17"]
[SourceVersion "1"]
[SourceVersionDate "2015.07.17"]
[SourceQuality "1"]

1. Nf3 g6 2. g3 e5 3. d3 d6 4. Bg2 Be6 5. 0-0 Nc6 6. e4 Nb4 7. c4 Nf6 8. Qa4+ Nc6 9. Re1 Qd7 10. Nc3 0-0-0 11. Be3 Na5 12. Qxa5 1-0

[Event "SN-2010-0-00266"]
[Site "LSS email"]
[Date "2010.08.09"]
[Round "?"]
[White "Rellias, Paul V"]
[Black "Tassinati, Mirco"]
[Result "0-1"]
[WhiteElo "448"]
[BlackElo "572"]
[PlyCount "74"]
[EventDate "2010.07.23"]
[EventType "tourn (corr)"]
[EventRounds "6"]
[EventCountry "GER"]
[SourceTitle "Telechess CBM 143"]
[Source "ChessBase"]
[SourceDate "2011.07.15"]
[SourceVersion "1"]
[SourceVersionDate "2011.07.15"]
[SourceQuality "1"]

1. e4 e5 2. Nf3 Nc6 3. Bb5 a6 4. Ba4 b5 5. Bb3 Nd4 6. Nxd4 exd4 7. Na3 Nf6 8. d3 Bb4+ 9. Bd2 Bxd2+ 10. Qxd2 0-0 11. e5 Ng4 12. 0-0-0 Qh4 13. g3 Qh3 14. Qf4 Qh5 15. Bd5 Rb8 16. f3 Nf2 17. e6 Nxh1 18. Rxh1 Qxd5 19. exf7+ Rxf7 20. Qxc7 Qa8 21. Re1 Bb7 22. Qd6 Bc6 23. f4 Rb6 24. Qxd4 Qa7 25. h4 b4 26. Nc4 Rb7 27. Qd6 Rf6 28. Qe7 d5 29. Qe3 Qxe3+ 30. Rxe3 dxc4 31. d4 a5 32. Re5 a4 33. Rc5 Bb5 34. g4 Rxf4 35. Re5 Rxd4 36. g5 Rbd7 37. Rxb5 Rd1# 0-1

[Event "SN-2010-0-00266"]
[Site "LSS email"]
[Date "2010.08.09"]
[Round "?"]
[White "Rellias, Paul V"]
[Black "Vontina, Maria"]
[Result "0-1"]
[WhiteElo "470"]
[BlackElo "703"]
[PlyCount "72"]
[EventDate "2010.07.23"]
[EventType "tourn (corr)"]
[EventRounds "6"]
[EventCountry "GER"]
[SourceTitle "Telechess CBM 143"]
[Source "ChessBase"]
[SourceDate "2011.07.15"]
[SourceVersion "1"]
[SourceVersionDate "2011.07.15"]
[SourceQuality "1"]

1. d4 Nf6 2. e3 d6 3. Nf3 Bg4 4. Bb5+ c6 5. Ba4 g6 6. Nc3 Bg7 7. h3 Bd7 8. b3 0-0 9. Ng5 Re8 10. Bd2 b5 11. Bxb5 cxb5 12. e4 a6 13. e5 dxe5 14. dxe5 Nh5 15. Nxf7 Kxf7 16. Qf3+ Kg8 17. Qe3 Rf8 18. e6 Bc6 19. 0-0-0 Bxg2 20. Rhg1 Bxh3 21. Qxh3 Qc7 22. Nd5 Qb7 23. Bg5 Nf6 24. f3 Nxd5 25. Qh4 Rxf3 26. Qg4 Rf5 27. Rh1 Nf6 28. Qh4 Nh5 29. Bxe7 Nc6 30. Qe4 Qxe7 31. Qxc6 Rff8 32. Rd7 Qg5+ 33. Kd1 Bh6 34. e7 Qc1+ 35. Ke2 Ng3+ 36. Kd3 Qd2# 0-1

[Event "LSS OP-2008-0-00501"]
[Site "LSS email"]
[Date "2008.03.22"]
[Round "?"]
[White "Muszynski, Mateusz"]
[Black "Rellias, Paul V"]
[Result "1-0"]
[WhiteElo "782"]
[BlackElo "512"]
[PlyCount "71"]
[EventDate "2008.03.20"]
[EventType "tourn (corr)"]
[EventRounds "4"]
[EventCountry "GER"]
[SourceTitle "Corr 2011"]
[Source "ChessBase"]
[SourceDate "2010.08.31"]
[SourceVersion "1"]
[SourceVersionDate "2010.08.31"]
[SourceQuality "1"]

1. e4 d6 2. d4 Nf6 3. Nc3 e6 4. Bg5 h6 5. Bh4 g5 6. Bg3 Ng4 7. Nf3 Nc6 8. Bb5 Bg7 9. Bxc6+ bxc6 10. h3 Nf6 11. 0-0 0-0 12. Re1 d5 13. exd5 Nxd5 14. Nxd5 cxd5 15. c3 c6 16. Qd3 Qb6 17. Rab1 Ba6 18. Qe3 Bb7 19. Be5 f6 20. Bd6 Qd8 21. Bxf8 Bxf8 22. Qxe6+ Kg7 23. Nh2 Kg6 24. Ng4 a5 25. Re2 Bd6 26. Rbe1 Ba6 27. Qe8+ Qxe8 28. Rxe8 Rxe8 29. Rxe8 Kh5 30. Nxf6+ Kg6 31. Nd7 Bc4 32. Re6+ Kh5 33. Rxd6 Bb5 34. Ne5 a4 35. Nxc6 Bc4 36. Nb4 1-0

[Event "SEMI B045 email"]
[Site "SEMI email"]
[Date "2004.11.01"]
[Round "?"]
[White "Mazzocchi, Pierfrancesco"]
[Black "Rellias, Paul V"]
[Result "1-0"]
[WhiteElo "1100"]
[BlackElo "1000"]
[PlyCount "35"]
[EventDate "2004.11.01"]
[EventType "tourn (corr)"]
[EventRounds "6"]
[EventCountry "ITA"]
[SourceTitle "Corr 2008"]
[Source "ChessBase"]
[SourceDate "2008.06.24"]
[SourceVersion "1"]
[SourceVersionDate "2008.06.24"]
[SourceQuality "1"]

1. e4 e5 2. Nf3 Nc6 3. Bb5 d6 4. d4 Be7 5. d5 a6 6. dxc6 b6 7. 0-0 axb5 8. Nc3 Bf6 9. Nd5 Be6 10. b3 Ne7 11. Nxe7 Qxe7 12. Bb2 0-0 13. Re1 Bg4 14. a3 Rad8 15. h3 Bh5 16. g4 Bg6 17. Qd5 Bh4 18. Kg2 1-0

[Event "SEMI B043 email"]
[Site "SEMI email"]
[Date "2004.07.15"]
[Round "?"]
[White "Rellias, Paul V"]
[Black "Ferrari, Cristiano"]
[Result "0-1"]
[WhiteElo "1000"]
[BlackElo "1500"]
[PlyCount "47"]
[EventDate "2004.07.15"]
[EventType "tourn (corr)"]
[EventRounds "6"]
[EventCountry "ITA"]
[SourceTitle "Corr 2008"]
[Source "ChessBase"]
[SourceDate "2008.06.24"]
[SourceVersion "1"]
[SourceVersionDate "2008.06.24"]
[SourceQuality "1"]

1. d4 Nf6 2. c4 e6 3. e3 Bb4+ 4. Nd2 d5 5. a3 Bd6 6. Bd3 c6 7. c5 Bc7 8. Ngf3 Nbd7 9. b4 e5 10. dxe5 Nxe5 11. Nxe5 Bxe5 12. Rb1 Bg4 13. Qc2 0-0 14. a4 Qe7 15. 0-0 Rfe8 16. f4 Bb8 17. Bb2 Qxe3+ 18. Kh1 Qe7 19. Rfe1 Qxe1+ 20. Rxe1 Rxe1+ 21. Bf1 Bxf4 22. Qd3 Ne4 23. Nf3 Nf2+ 24. Kg1 0-1

[Event "SEMI B042 email"]
[Site "SEMI email"]
[Date "2004.05.30"]
[Round "?"]
[White "Gussoni, Paolo"]
[Black "Rellias, Paul V"]
[Result "1-0"]
[WhiteElo "1000"]
[BlackElo "1000"]
[PlyCount "37"]
[EventDate "2004.05.30"]
[EventType "tourn (corr)"]
[EventRounds "6"]
[EventCountry "ITA"]
[SourceTitle "Corr 2008"]
[Source "ChessBase"]
[SourceDate "2008.06.24"]
[SourceVersion "1"]
[SourceVersionDate "2008.06.24"]
[SourceQuality "1"]

1. e4 Nc6 2. Nc3 e5 3. Nf3 d6 4. d4 Be6 5. d5 Bd7 6. dxc6 Bxc6 7. Bc4 Nf6 8. Ng5 Qe7 9. Nxf7 Rg8 10. Bg5 Kd7 11. Nxd6 Qxd6 12. Bxf6 Rh8 13. Qg4+ Ke8 14. Qh5+ g6 15. Qf3 Rg8 16. Bxg8 h5 17. Rd1 Qc5 18. Bg5 Qb4 19. Bf7# 1-0

[Event "IECG QN.2004.0.00327"]
[Site "IECG email"]
[Date "2004.05.27"]
[Round "?"]
[White "Rellias, Paul V"]
[Black "Venturas, Bob"]
[Result "0-1"]
[WhiteElo "683"]
[BlackElo "669"]
[PlyCount "34"]
[EventDate "2004.05.27"]
[EventType "tourn (corr)"]
[EventRounds "6"]
[SourceTitle "Corr 2008"]
[Source "ChessBase"]
[SourceDate "2008.06.24"]
[SourceVersion "1"]
[SourceVersionDate "2008.06.24"]
[SourceQuality "1"]

1. d4 d5 2. b3 Nc6 3. Ba3 Nf6 4. Nc3 a6 5. Nf3 b5 6. e3 b4 7. Bb2 bxc3 8. Bxc3 Bf5 9. Bd3 Be4 10. Ng5 Bxg2 11. Rg1 Be4 12. Nxe4 Nxe4 13. Qg4 Nxc3 14. e4 dxe4 15. Bc4 Qxd4 16. a4 e6 17. Kf1 Bc5 0-1

[Event "CFriend RL-2004-0-00022 email"]
[Site "Chessfriend.com"]
[Date "2004.05.17"]
[Round "?"]
[White "Brenner, Renald"]
[Black "Rellias, Paul V"]
[Result "1-0"]
[WhiteElo "948"]
[BlackElo "655"]
[PlyCount "21"]
[EventDate "2004.??.??"]
[EventType "tourn (corr)"]
[EventRounds "6"]
[SourceTitle "Corr 2008"]
[Source "ChessBase"]
[SourceDate "2008.06.24"]
[SourceVersion "1"]
[SourceVersionDate "2008.06.24"]
[SourceQuality "1"]

1. Nf3 d5 2. d4 c6 3. g3 e6 4. Bg2 Nf6 5. 0-0 Bd6 6. Nbd2 c5 7. c4 Ng4 8. e4 cxd4 9. Nxd4 0-0 10. Qxg4 e5 11. Qe2 1-0

[Event "CFriend RL-2004-0-00022 email"]
[Site "Chessfriend.com"]
[Date "2004.05.17"]
[Round "?"]
[White "Elias, Holger"]
[Black "Rellias, Paul V"]
[Result "1-0"]
[WhiteElo "1387"]
[BlackElo "655"]
[PlyCount "33"]
[EventDate "2004.??.??"]
[EventType "tourn (corr)"]
[EventRounds "6"]
[SourceTitle "Corr 2008"]
[Source "ChessBase"]
[SourceDate "2008.06.24"]
[SourceVersion "1"]
[SourceVersionDate "2008.06.24"]
[SourceQuality "1"]

1. c4 b6 2. d4 c5 3. Nf3 d6 4. dxc5 e6 5. cxd6 Bxd6 6. Nc3 Nf6 7. Nb5 0-0 8. Qxd6 Qxd6 9. Nxd6 Ba6 10. Ne5 Nbd7 11. Nxd7 Rfd8 12. Nxf6+ gxf6 13. c5 bxc5 14. Ne4 f5 15. Nxc5 Bc8 16. Bg5 Re8 17. e4 1-0

[Event "CFriend RL-2004-0-00022 email"]
[Site "Chessfriend.com"]
[Date "2004.05.17"]
[Round "?"]
[White "Rellias, Paul V"]
[Black "Hasidume, Shuji"]
[Result "0-1"]
[WhiteElo "655"]
[BlackElo "1389"]
[PlyCount "24"]
[EventDate "2004.??.??"]
[EventType "tourn (corr)"]
[EventRounds "6"]
[SourceTitle "Corr 2008"]
[Source "ChessBase"]
[SourceDate "2008.06.24"]
[SourceVersion "1"]
[SourceVersionDate "2008.06.24"]
[SourceQuality "1"]

1. d4 d5 2. e3 Nf6 3. Bd3 Nc6 4. Nf3 Bg4 5. Kf1 e5 6. Nc3 e4 7. Bb5 exf3 8. gxf3 Bh3+ 9. Ke2 a6 10. Bd3 Bd6 11. Rg1 0-0 12. e4 Nxd4+ 0-1

[Event "CFriend RL-2004-0-00022 email"]
[Site "Chessfriend.com"]
[Date "2004.05.17"]
[Round "?"]
[White "Rellias, Paul V"]
[Black "Werbrouck, Jean Michel"]
[Result "0-1"]
[WhiteElo "655"]
[BlackElo "1336"]
[PlyCount "32"]
[EventDate "2004.??.??"]
[EventType "tourn (corr)"]
[EventRounds "6"]
[SourceTitle "Corr 2008"]
[Source "ChessBase"]
[SourceDate "2008.06.24"]
[SourceVersion "1"]
[SourceVersionDate "2008.06.24"]
[SourceQuality "1"]

1. d4 d5 2. e3 Nf6 3. Bd3 e6 4. Nf3 c5 5. Ne5 Nbd7 6. Bb5 Qa5+ 7. Nc3 cxd4 8. 0-0 dxc3 9. Qd3 a6 10. bxc3 Qxb5 11. Rd1 Nxe5 12. Qxb5+ axb5 13. Rb1 Nc4 14. Rxb5 Rxa2 15. Rb1 Ba3 16. Bd2 Ne4 0-1

[Event "IECG QN.2004.0.00325"]
[Site "IECG email"]
[Date "2004.05.17"]
[Round "?"]
[White "Venturas, Bob"]
[Black "Rellias, Paul V"]
[Result "1-0"]
[WhiteElo "669"]
[BlackElo "683"]
[PlyCount "35"]
[EventDate "2004.05.17"]
[EventType "tourn (corr)"]
[EventRounds "6"]
[SourceTitle "Corr 2008"]
[Source "ChessBase"]
[SourceDate "2008.06.24"]
[SourceVersion "1"]
[SourceVersionDate "2008.06.24"]
[SourceQuality "1"]

1. e4 e5 2. Nf3 Nc6 3. Bb5 Be7 4. Nc3 Nf6 5. d3 Nd4 6. Nxe5 Rf8 7. a3 c6 8. Bc4 d5 9. exd5 cxd5 10. Bb5+ Nxb5 11. Nxb5 Rb8 12. Bf4 Bc5 13. Qe2 d4 14. Nc6+ Be6 15. Nxd8 Rxd8 16. 0-0 Ng4 17. Nc7+ Ke7 18. Rfe1 1-0

[Event "IECG QN.2004.0.00323"]
[Site "IECG email"]
[Date "2004.04.29"]
[Round "?"]
[White "Rellias, Paul V"]
[Black "Venturas, Bob"]
[Result "0-1"]
[WhiteElo "683"]
[BlackElo "685"]
[PlyCount "56"]
[EventDate "2004.04.29"]
[EventType "tourn (corr)"]
[EventRounds "6"]
[SourceTitle "Corr 2008"]
[Source "ChessBase"]
[SourceDate "2008.06.24"]
[SourceVersion "1"]
[SourceVersionDate "2008.06.24"]
[SourceQuality "1"]

1. d4 d5 2. Nf3 Nc6 3. Nc3 Bf5 4. e3 a6 5. Bd3 Bg4 6. h3 Bh5 7. e4 Nxd4 8. Nxd5 e6 9. Nc3 e5 10. Nxd4 Bxd1 11. Kxd1 Qxd4 12. Be3 Qb4 13. Rb1 0-0-0 14. Ke1 Nf6 15. a3 Qd6 16. Bg5 Be7 17. Bc4 Rhf8 18. Rd1 Qb6 19. Rc1 Qxb2 20. Nb1 Qd4 21. Nd2 Bc5 22. c3 Qxf2+ 23. Kd1 Nxe4 24. Kc2 Nxg5 25. Rhg1 Qxd2+ 26. Kb3 Bxg1 27. Rxg1 Ne4 28. Rf1 Qxc3+ 0-1